Szczegóły MARC21

Rodzi się dziecko /

003 -Nazwa inst., której nr kontr. jest w polu 001 [,]
    • @
    • Nazwa instytucji, której n kontrolny jest w polu 001
    • NUKAT
005 -DATA I CZAS OSTATNIEJ MODYFIKACJI [,]
    • @
    • pole kontrolne
    • 20241231101256.0
020 -Międzynarod. znormalizowany nr książki - ISBN [ , ]
    • a
    • Numer ISBN
    • 8301117745 Find
040 -Instytucja sporządzająca opis [ , ]
    • a
    • Instytucja, która sporządziła opis (NP)
    • KR U/42MM
    • c
    • Instytucja, która sporządziła rekord (NP)
    • KR U/42MM
    • d
    • Instytucja, która zmodyfikowała rekord (P)
    • KR U/42EN
    • d
    • Instytucja, która zmodyfikowała rekord (P)
    • KR U/42KJs
    • d
    • Instytucja, która zmodyfikowała rekord (P)
    • Ł 128/JD
041 -Język dokumentu [1, ]
    • a
    • Język tekstu (P)
    • polski
    • h
    • Język tekstu oryginalnego i/lub pośredniego (P)
    • angielski
942 -Rodzaj dokumentu [ , ]
    • c
    • Rodzaj dokumentu
    • Książka
100 -Hasło główne - nazwa osobowa [1, ]
    • a
    • Nazwa osobowa (NP)
    • Nilsson, Lennart
    • d
    • Daty biograficzne (NP)
    • (1922- ).
    • 9
    • KHW
    • 553434
240 -Tytuł ujednolicony [1,0]
    • a
    • Tytuł ujednolicony
    • Barn blir till
    • l
    • Język tekstu
    • (pol.)
    • 9
    • KHW
    • 553436
245 -Strefa tytułu i oznaczenia odpowiedzialności [1,0]
    • a
    • Tytuł
    • Rodzi się dziecko / Find
    • c
    • Pozostałe elementy strefy tytułu i oznaczenia odpowiedzialności (NP)
    • Lennart Nilsson ; tekst Lars Hamberger ; z jęz. ang. przeł. Joanna Lipka.
246 -Wariant tytułu [1, ]
    • i
    • Tekst wyświetlany na ekranie monitora (NP)
    • Tyt. oryg.:
    • a
    • Tytuł (NP)
    • Child is born
260 -Strefa adresu wydawniczego [ , ]
    • a
    • Miejsce wydania (P)
    • Warszawa :
    • b
    • Nazwa wydawcy (P)
    • Wydawnictwo Naukowe PWN,
    • c
    • Data wydania (P)
    • 1995.
300 -Strefa opisu fizycznego [ , ]
    • a
    • Określenie formy książki i/lub objętość (NP)
    • 208, [4] s. :
    • b
    • Oznaczenie ilustracji (NP)
    • il. kolor. ;
    • c
    • Format (NP)
    • 25 cm.
336 -Typ zawartości [ , ]
    • a
    • Termin opisujący typ zawartości
    • Tekst
    • b
    • Kod określający zawartość
    • txt
    • 2
    • Źródło (terminu i kodu)
    • rdacontent
337 -Typ mediów [ , ]
    • a
    • Tryb odtwarzania
    • Bez urządzenia pośredniczącego
    • b
    • Kod typu mediów
    • n
    • 2
    • Źródło (terminu i kodu)
    • rdamedia
338 -Typ/rodzaj nośnika [ , ]
    • a
    • Hasło opisujące typ nośnika
    • Wolumin
    • b
    • Kod typu nośnika
    • nc
    • 2
    • Źródło (terminu i kodu)
    • rdacarrier
504 -Uwaga dot. bibliogr. załącznikowej [ , ]
    • a
    • Uwaga dot. bibliografii załącznikowej
    • Indeks.
080 -Uniwersalna Klasyfikacja Dziesiętna [ , ]
    • a
    • Symbol klasyfikacji
    • 612.63
    • 2
    • Identyfikator wydania tablic
    • UDC-P058
    • 9
    • UKD
    • 4556
    • b
    • Dopowiedzenie
    • Zapłodnienie. Ciąża. Poród.
    • 4
    • UKD2
    • 8321
    • x
    • Poddział wspólny
    • (02.053.2)
    • c
    • Dopowiedzenie poddz. wspólnego
    • (Książki dla dzieci i młodzieży (popularnonaukowe)).
    • 4
    • UKD2
    • 8319
    • x
    • Poddział wspólny
    • (02.025.2)
    • c
    • Dopowiedzenie poddz. wspólnego
    • (Książki bogato ilustrowane).
080 -Uniwersalna Klasyfikacja Dziesiętna [ , ]
    • a
    • Symbol klasyfikacji
    • 612.64
    • 2
    • Identyfikator wydania tablic
    • UDC-P058
    • 9
    • UKD
    • 4557
    • b
    • Dopowiedzenie
    • Fizjologia płodu. Rozwój płodu.
    • 4
    • UKD2
    • 8319
    • x
    • Poddział wspólny
    • (02.025.2)
    • c
    • Dopowiedzenie poddz. wspólnego
    • (Książki bogato ilustrowane).
080 -Uniwersalna Klasyfikacja Dziesiętna [ , ]
    • a
    • Symbol klasyfikacji
    • 618.2/.7
    • 2
    • Identyfikator wydania tablic
    • UDC-P058
    • 9
    • UKD
    • 4799
    • b
    • Dopowiedzenie
    • Położnictwo. Ciąża. Poród. Połóg.
    • 4
    • UKD2
    • 8319
    • x
    • Poddział wspólny
    • (02.025.2)
    • c
    • Dopowiedzenie poddz. wspólnego
    • (Książki bogato ilustrowane).
650 -Hasło przedmiotowe [ ,7]
    • a
    • Hasło przedmiotowe
    • Embriologia człowieka
    • v
    • Określnik formalny
    • wydawnictwa ilustrowane.
    • 2
    • Źródło terminu
    • kaba
    • 9
    • KHW
    • 553671
650 -Hasło przedmiotowe [ ,7]
    • a
    • Hasło przedmiotowe
    • Ciąża
    • v
    • Określnik formalny
    • wydawnictwa ilustrowane.
    • 2
    • Źródło terminu
    • kaba
    • 9
    • KHW
    • 483788
650 -Hasło przedmiotowe [ ,7]
    • a
    • Hasło przedmiotowe
    • Poród
    • v
    • Określnik formalny
    • wydawnictwa ilustrowane.
    • 2
    • Źródło terminu
    • kaba
    • 9
    • KHW
    • 460421
650 -Hasło przedmiotowe [ ,7]
    • a
    • Hasło przedmiotowe
    • Narodziny
    • v
    • Określnik formalny
    • wydawnictwa ilustrowane.
    • 2
    • Źródło terminu
    • kaba
    • 9
    • KHW
    • 483789
980 -Symbol UKD [ , ]
    • a
    • UKD
    • 612.63/.64:618.2/.7](02.025.2)
700 -Hasło dodatkowe - nazwa osobowa [1, ]
    • a
    • Nazwa osobowa (NP)
    • Hamberger, Lars. Find
    • 9
    • KHW
    • 553433
700 -Hasło dodatkowe - nazwa osobowa [1, ]
    • a
    • Nazwa osobowa (NP)
    • Lipka, Joanna. Find
    • e
    • Określenie rodzaju współpracy
    • Tł.
    • 9
    • KHW
    • 27208
710 -Hasło dodatkowe - nazwa ciała zbiorowego [2, ]
    • a
    • Nazwa ciała zbiorowego lub nazwa geograficzna jako pierwszy element (NP)
    • Wydawnictwo Naukowe PWN.
    • 4
    • Kod relacji
    • pbl
    • 9
    • KHW
    • 52648
920 -ISBN [ , ]
    • a
    • ISBN
    • 83-01-11774-5 Find
Lokalizacja Data inwentaryzacji Status udost. Numer inwentarzowy
BG1996-11-131Pd.9266